| 000 | 00295nam a2200097Ia 4500 | ||
|---|---|---|---|
| 008 | 220120s9999||||xx |||||||||||||| ||und|| | ||
| 100 |
_aSujatha, A _912048 |
||
| 245 | 0 | _aInventry control systems | |
| 260 |
_aCoorg Institute of Technology _bPonnampet _c2005 |
||
| 650 | _aELECTRONICS AND COMMUNICATIONS | ||
| 999 |
_c137632 _d137632 |
||